Most Densely Populated U.S. Cities - Statistics

General Stats
  • This quiz has been taken 35 times
  • The average score is 7 of 20
Answer Stats
State Population City % Correct
NY 8.8m New York
97%
MA 676k Boston
85%
NJ 292k Jersey City
74%
CA 874k San Francisco
71%
MA 118k Cambridge
53%
NJ 160k Paterson
47%
NJ 60k Hoboken
41%
NJ 70k East Orange
32%
NJ 71k Passaic
29%
NJ 69k Union City
26%
MA 81k Somerville
24%
NY 59k Hempstead
21%
NJ 53k West New York
21%
NY 74k Mount Vernon
15%
IL 85k Cicero
12%
NJ 61k Irvington
9%
IL 57k Berwyn
6%
CA 55k Huntington Park
3%
CA 88k Hawthorne
0%
CA 67k Lynwood
0%
No matching quizzes found
Score Distribution
Percent of People with Each Score
Percentile by Number Answered
Your Score History
You have not taken this quiz